Palloni d'Oro della Juventus - Statistics

Statistiche generali
  • Questo quiz è stato fatto 293 volte
    134 dall'ultimo reset
  • Il punteggio medio è 7 su 8
Statistiche sulle risposte
Edizione Nazione Calciatore % Corretto
2003 Repubblica Ceca Pavel Nedvěd
97%
1998 Francia Zinédine Zidane
96%
1983 Francia Michel Platini
94%
1984 Francia Michel Platini
94%
1985 Francia Michel Platini
94%
1982 Italia Paolo Rossi
86%
1993 Italia Roberto Baggio
86%
1961 Argentina / Italia Omar Sivori
80%
Nessun quiz corrispondente trovato
Distribuzione punteggi
Percentuale di utenti per punteggio
Percentile per numero di risposta
I tuoi punteggi nel tempo
Non hai fatto questo quiz dall'ultimo reset